| 000 | 00000nam##2200000za#4500 |
| 001 | 9.571483 |
| 003 | CaOODSP |
| 005 | 20210624182739 |
| 007 | cr ||||||||||| |
| 008 | 150406|2005||||xxc|||||o f|0| 0 eng|d |
| 040 | |aCaOODSP|beng |
| 043 | |an-cn--- |
| 086 | 1 |aTU3-5/05-25E-PDF |
| 110 | 2 |aTransportation Safety Board of Canada. |
| 245 | 10|aInadvertent stick shaker at high altitude-- Air Canada Jazz, Bombardier CRJ705 C-FBJZ, Lethbridge, Alberta, 41 nm SE (COUTS Intersection), 10 June 2005 |h[electronic resource] |
| 260 | |aGatineau - Quebec : |bTransportation Safety Board of Canada |c[2006]. |
| 300 | |a10p.|bgraphs |
| 490 | 1 |aAviation investigation report |vA05W0109 |
| 500 | |a"The Board authorized the release of this report on 27 July 2006."--p.8 of 10. |
| 590 | |a12-19-Supp|b2012-04-30 |
| 775 | 08|tDéclenchement du vibreur de manche à haute altitude du Bombardier CRJ705 C-FBJZ exploité par Air Canada Jazz, à 41 nm au sud-est de Lethbridge (Alberta) (intersection COUTS), le 10 juin 2005 |w(CaOODSP)9.602076 |
| 830 | #0|aAviation investigation report ;|vA05W0109|w(CaOODSP)9.504825 |
| 856 | 40|ahttp://publications.gc.ca|qPDF|s623 KB|uhttps://publications.gc.ca/collections/collection_2011/bst-tsb/TU3-5-05-25-eng.pdf|yA05W0109 |